Caring for older people in nursing

Saved in:
Bibliografiske detaljer
Hovedforfatter: BARKER, Sue
Format: Bog
Sprog:engelsk
Udgivet: SAGE Publications 2013
Tags: Tilføj Tag
Ingen Tags, Vær først til at tagge denne postø!

MARC

LEADER 00000nam a22000007a 4500
008 220106b ||||| |||| 00| 0 eng d
020 |a  978-1-4462-6763-9 
100 |a BARKER, Sue 
245 |a Caring for older people in nursing  |c  Sue Barker  |g  x, 240p.; ill. 
260 |b SAGE Publications  |c  2013  |h London  |i 693285 - Med. Lib  |i  693286  |l RA564.8 .B24  |m Geriatric nursing.  |m Aged - Psychology.  |m Title. II. Series. 
500 |a (Transforming Nursing practice). “It includes bibliographical references and index”. (Transforming Nursing practice). “It includes bibliographical references and index”. 
942 |a ddc  |c BK  |e IFATOLA, J O.  |f 06/ 01/ 2022 
952 |0 0  |1 0  |2 lcc  |4 0  |6 RA05648 B24  |7 0  |9 4042  |a HE  |b HOL  |c QZ  |d 2022-01-06  |l 0  |o RA564.8 .B24  |p 2022-0001  |r 2022-01-06 00:00:00  |t 693285 - Med. Lib.,   |w 2022-01-06  |y BK 
952 |0 0  |1 0  |2 lcc  |4 0  |6 RA05648 B24  |7 0  |9 4043  |a HOL  |b HOL  |c QZ  |d 2022-01-06  |l 0  |o RA564.8 .B24  |p 2022-0002  |r 2022-01-06 00:00:00  |t  693286  |w 2022-01-06  |y BK 
999 |c 2030  |d 2030